| 000 | 00717nam a22002057a 4500 | ||
|---|---|---|---|
| 003 | OSt | ||
| 005 | 20250829084203.0 | ||
| 008 | 250829b |||||||| |||| 00| 0 eng d | ||
| 020 | _a971-555-189-0 | ||
| 040 |
_aDWC-Main Lib _cOC |
||
| 082 | _aFil. 370.114 S159c 1997 | ||
| 100 | _aSalazar-Clemeña, Rose Marie | ||
| 245 |
_aCounseling and values education : _bsteps to peace in the asian setting/ _cRose Marie Salazar-Clemeña |
||
| 260 |
_aManila, Philippines : _bDe la Salle University Press., _cc1997. |
||
| 300 |
_avii, 88 pages : _billustrations ; _c23cm. |
||
| 504 | _aIncludes bibliographical references. | ||
| 650 | _a1. Counseling. | ||
| 650 | _a2. Values education. | ||
| 942 |
_2ddc _cBK - FIL _kFil. _n0 |
||
| 999 |
_c4369 _d4369 |
||